| 000 | 01309cam a2200217 4500 | ||
|---|---|---|---|
| 001 | L129777 | ||
| 008 | 050518n2005 000 0 eng u | ||
| 035 | _a(Sirsi) u129777 | ||
| 041 | _aeng | ||
| 110 |
_aRoyal Institution of Chartered Surveyors _bFaculties and Forums _94495 |
||
| 245 |
_aImplementation of the single payment scheme in England _bbriefing for RICS members |
||
| 260 |
_aLondon _bRICS _c2005 |
||
| 300 | _a17p. | ||
| 490 |
_aSPS Briefing Paper _vMay 2005 |
||
| 520 | _aThis briefing for RICS members summarises the main provisions of the CAP reforms as applied in England. Covers the background to the reforms, the updates and the timing of the CAP reform implementation. Examines: Single Payment Scheme (SPS) applications; establishing entitlements to the SPS; claims on the national reserve; set-aside rules and agri-environment schemes; and the SPS. Concludes with information on non-agricultural uses, the cross compliance rules and an annex containing advice on completing the SPS application forms. | ||
| 590 | _aIKA190505 | ||
| 650 | _aSINGLE PAYMENT SCHEME | ||
| 690 | _aENVIRONMENTAL AND LAND CONSULTANCY-AGRIBUSINESS-AGRICULTURE | ||
| 856 |
_uhttps://www.rics.org/RICSWEB/getpage.aspx?p=3Duotmx6_kOEO1MqPdaIkw _zView the paper free of charge at www.rics.org... |
||
| 942 | _n0 | ||
| 999 |
_c104273 _d104273 |
||